[Event "Muensterland Regionalliga Gr2 2223"]
[Site "Germany"]
[Date "2023.02.25"]
[Round "5.8"]
[White "Spyrou, Elias"]
[Black "Ridder, Hans Peter"]
[Result "1/2-1/2"]
[WhiteElo "1725"]
[BlackElo "1508"]
[PlyCount "62"]
[EventDate "2022.09.03"]
[EventType "team-tourn"]
[EventRounds "5"]
[EventCountry "GER"]
[SourceTitle "EXT 2024"]
[Source "ChessBase"]
[SourceDate "2023.10.10"]
[SourceVersion "1"]
[SourceVersionDate "2023.10.10"]
[SourceQuality "1"]
[WhiteTeam "Raesfeld Erle"]
[BlackTeam "Borken"]
[WhiteTeamCountry "GER"]
[BlackTeamCountry "GER"]

1. e4 e6 2. d4 d5 3. e5 c5 4. c3 Qb6 5. Nf3 Bd7 6. Be2 Bb5 7. 0-0 Bxe2 8. Qxe2 Nc6 9. Rd1 cxd4 10. cxd4 Nge7 11. b3 Ng6 12. Bb2 Rc8 13. Nc3 Bb4 14. Rac1 0-0 15. g3 a6 16. Na4 Qa5 17. a3 Be7 18. Bc3 Qb5 19. Qxb5 axb5 20. Nb6 Rcd8 21. b4 f6 22. Re1 fxe5 23. Nxe5 Ngxe5 24. dxe5 Rf3 25. Re3 Rxe3 26. fxe3 Rf8 27. Bd4 Rf3 28. Kg2 Nxd4 29. exd4 Rxa3 30. Rc8+ Kf7 31. Rc7 Ke8 1/2-1/2